Relation des épidémies du cholera-morbus observées en Hongrie, Moldavie, Gallicie, et a Vienne en Autriche dans les annés 1831 et 1832 (Record no. 165556)

MARC details
000 -LEADER
campo de control de longitud fija 01002nam a2200205 i 4500
001 - NÚMERO DE CONTROL
campo de control 165556
003 - IDENTIFICADOR DE NÚMERO DE CONTROL
campo de control ES-MaACL
005 - FECHA Y HORA DE LA ÚLTIMA TRANSACCIÓN
campo de control 20250901032931.0
008 - DATOS DE LONGITUD FIJA--INFORMACIÓN GENERAL
campo de control de longitud fija 050825s1832 fr |||| | fre d
040 ## - FUENTE DE CATALOGACIÓN
Centro catalogador/agencia de origen CAM
Lengua de catalogación spa
Centro/agencia transcriptor CAM
100 1# - ENTRADA PRINCIPAL--NOMBRE DE PERSONA
Nombre de persona Sophianopoulo.
9 (RLIN) 132821
245 10 - MENCIÓN DEL TÍTULO
Título Relation des épidémies du cholera-morbus observées en Hongrie, Moldavie, Gallicie, et a Vienne en Autriche dans les annés 1831 et 1832
Resto del título : avec une histoire générale de cette maladie, et son traitement préservatif et curatif; avec des notes du Broussais /
Mención de responsabilidad, etc. par le docteur Sophianopoulo.
260 ## - PUBLICACIÓN, DISTRIBUCIÓN, ETC.
Lugar de publicación, distribución, etc. Paris :
Nombre del editor, distribuidor, etc. Mademoiselle Delaunay libraire :
-- et chez l'auteur,
Fecha de publicación, distribución, etc. 1832 (
Fabricante Imprimerie de Lachevardiere)
300 ## - DESCRIPCIÓN FÍSICA
Extensión IV, 166 p. ;
Dimensiones 22 cm.
650 #7 - PUNTO DE ACCESO ADICIONAL DE MATERIA--TÉRMINO DE MATERIA
Término de materia o nombre geográfico como elemento de entrada Cólera
Fuente del encabezamiento o término embne
9 (RLIN) 11143
650 #4 - PUNTO DE ACCESO ADICIONAL DE MATERIA--TÉRMINO DE MATERIA
Término de materia o nombre geográfico como elemento de entrada Epidemias-
Subdivisión geográfica Europa-
Subdivisión cronológica 1831-1832.
9 (RLIN) 136001
700 1# - ENTRADA AGREGADA--NOMBRE PERSONAL
Nombre de persona Broussais, François-Joseph-Victor,
Fechas asociadas al nombre 1772-1838
9 (RLIN) 126195
852 ## - LOCALIZACIÓN
Ubicación ES-MaACL
Número de control de estantería T-491-F-2
Nota libre -- Enc. hol.
-- -- Enc. en un vol. facticio
Holdings
Estatus retirado Estado de pérdida Estado de daño No para préstamo Colección Biblioteca de origen Biblioteca actual Ubicación en estantería Fecha de adquisición Total de préstamos Signatura topográfica completa Código de barras Visto por última vez Precio de reemplazo Tipo de ítem Koha
        Colección de folletos Biblioteca del Ateneo de Madrid Biblioteca del Ateneo de Madrid Depósito folletos 17/01/2008   T-491-F-2 1173616 23/02/2023 23/02/2023 Folleto